Smallholder farmers' postharvest handling technologies awareness level influence on tomato quality in Kisii and Nyamira Counties, Kenya (Record no. 215999)

MARC details
000 -LEADER
fixed length control field 00562nam a22001337a 4500
008 - FIXED-LENGTH DATA ELEMENTS--GENERAL INFORMATION
fixed length control field 250807b |||||||| |||| 00| 0 eng d
050 ## - LIBRARY OF CONGRESS CALL NUMBER
Classification number THE SB 324.55 .K4 M328 2021
Item number C.1
100 ## - MAIN ENTRY--PERSONAL NAME
Personal name Mbunde, Joseph
245 ## - TITLE STATEMENT
Title Smallholder farmers' postharvest handling technologies awareness level influence on tomato quality in Kisii and Nyamira Counties, Kenya
260 ## - PUBLICATION, DISTRIBUTION, ETC.
Place of publication, distribution, etc. Kisii
Name of publisher, distributor, etc. Kisii University
Date of publication, distribution, etc. 2021
650 ## - SUBJECT ADDED ENTRY
Topical term or geographic name entry element 1. Postharvest technology - Kenya. 2. Tomatoes - Kenya - Quality. 3. Tomato -Postharvest loses - Kenya.
942 ## - ADDED ENTRY ELEMENTS (KOHA)
Source of classification or shelving scheme Library of Congress Classification
Koha item type Reference
Holdings
Withdrawn status Lost status Source of classification or shelving scheme Damaged status Not for loan Collection Home library Current library Date acquired Inventory number Total checkouts Full call number Barcode Date last seen Copy number Price effective from Koha item type
    Library of Congress Classification     Special Research Kisii University Library Kisii University Library 08/07/2025 109415   THE SB 324.55 .K4 M328 2021 000000023737 08/07/2025 C.1 08/07/2025 Reference